000 00682 a2200217 4500
020 _a8121903408
_c190.00
035 _aB-210663
037 _bRP-LR-27 / UBH-07-08:2 / RP-07-08:ENG
082 1 4 _a350
100 1 _aVishnoo Bhagwan
245 1 _aPublic administration
_cby Vishnoo Bhagwan
250 _aIst ed. in 1961
260 _aNew Delhi
_bS. Chand
_c2006r
270 _a7631, Ram Nagar,
_bNew Delhi
_cDelhi
_e110055
_k23672080
_l91-11-23677446
_mschand@vsnl.com
300 _a814 p
_c21 cm (pbk)
500 _ainclude biblography & index
500 _athis is reprinted in 2006
650 _aPublic administration
700 _aBhushan, Vidya
942 _adpl
_cEN
_k350 VIS
_2ddc
999 _c1724
_d1724